Catálogo
 En Linea

Hablamos de Dios. : (Registro nro. 55479)

Detalles MARC
000 -CABECERA
campo de control de longitud fija 01936nam a2200301 i 4500
003 - IDENTIFICADOR DEL NÚMERO DE CONTROL
campo de control DO-SdBNP
005 - FECHA Y HORA DE LA ÚLTIMA TRANSACCIÓN
campo de control 20231113142807.0
007 - CAMPO FIJO DE DESCRIPCIÓN FÍSICA--INFORMACIÓN GENERAL
campo de control de longitud fija ta
008 - DATOS DE LONGITUD FIJA--INFORMACIÓN GENERAL
campo de control de longitud fija 150209s2008 dr acb d 000 0 spa d
020 ## - NÚMERO INTERNACIONAL ESTÁNDAR DEL LIBRO
Número Internacional Estándar del Libro 9945170104
040 ## - FUENTE DE LA CATALOGACIÓN
Centro catalogador/agencia de origen DO-SdBNP
Lengua de catalogación spa
Centro/agencia transcriptor BNPHU
Normas de descripción rda
082 ## - NÚMERO DE LA CLASIFICACIÓN DECIMAL DEWEY
Número de edición 22
Número de documento/Ítem H116
245 00 - MENCIÓN DE TÍTULO
Título Hablamos de Dios. :
Resto del título 2do. de educación media /
Mención de responsabilidad, etc. ilustraciones Wi Hen Fung
264 #1 - PRODUCCIÓN, PUBLICACIÓN, DISTRIBUCIÓN, FABRICACIÓN Y COPYRIGHT
Producción, publicación, distribución, fabricación y copyright Santo Domingo :
Nombre del de productor, editor, distribuidor, fabricante SM,
Fecha de producción, publicación, distribución, fabricación o copyright 2008.
300 ## - DESCRIPCIÓN FÍSICA
Extensión 127 páginas
Otras características físicas ilustraciones, retratos, mapas
Dimensiones 28 cm.
336 ## - TIPO DE CONTENIDO
Fuente rdacontent
Término de tipo de contenido texto
Código de tipo de contenido txt
337 ## - TIPO DE MEDIO
Fuente rdamedia
Nombre/término del tipo de medio sin mediación
Código del tipo de medio n
338 ## - TIPO DE SOPORTE
Fuente rdacarrier
Nombre/término del tipo de soporte volumen
Código del tipo de soporte nc
490 1# - MENCIÓN DE SERIE
Mención de serie Educación en valores
500 ## - NOTA GENERAL
Nota general Educación media.
500 ## - NOTA GENERAL
Nota general Formación integral humana y religiosa.
505 ## - NOTA DE CONTENIDO CON FORMATO
Información miscelánea Unidad 1: La persona, un ser que pregunta :
Título La persona un ser que interroga la vida --
-- La persona, un ser en construcción --
-- La persona, un ser religioso --
-- La persona en un mundo tecnificado --
Información miscelánea Unidad 2: En medio de un mundo herido :
Título La pobreza y el hambre --
-- La violencia y la guerra --
-- el medio ambiente en peligro --
-- La familia en la realidad social dominicana --
-- Dossier: construyamos la paz --
Información miscelánea Unidad 3: Sentido religioso del ser humano :
Título ¿Qué es la religión? --
-- Falsas actitudes religiosas --
-- La realidad religiosa de nuestro pueblo --
-- ¿Por qué tantas iglesias cristianas? --
-- Dossier: la religión en nuestro mundo --
Información miscelánea Unidad 4: Composición de la biblia :
Título ¿Cómo se formó la biblia? --
-- El antiguo testamento --
-- El nuevo testamento --
-- Dossier: ¿Cómo buscar en la biblia? --
Información miscelánea Unidad 5: Jesús, el enviado de Dios :
Título En Jesús se cumplen las promesas de Dios --
-- Dio la vida por amor, murió y resucitó --
-- La fe en Jesús da sentido de vida --
-- Dossier: Jesús está vivo /
521 ## - NOTA DE PÚBLICO DESTINATARIO
Nota de público destinatario Estudiantes de secundaria.
590 ## - NOTA LOCAL (RLIN)
Nota local Inventariado, 2023/ YL
700 1# - PUNTO DE ACCESO ADICIONAL--NOMBRE DE PERSONA
Nombre de persona Wi-He, Fung
Término indicativo de función/relación ilustraciones
9 (RLIN) 84632
910 ## - DATOS DE OPCIÓN DEL USUARIO (OCLC)
Datos de opción del usuario YLockward
942 ## - ELEMENTOS DE PUNTO DE ACCESO ADICIONAL (KOHA)
Fuente del sistema de clasificación o colocación Dewey Decimal Classification
Tipo de ítem Koha Libro
Existencias
Estado de retiro Estado de pérdida Fuente del sistema de clasificación o colocación Restricciones de uso No para préstamo Código de colección Localización permanente Ubicación/localización actual Ubicación en estantería Fecha de adquisición Fuente de adquisición Total de préstamos Signatura topográfica completa Código de barras Fecha visto por última vez Precio válido a partir de Tipo de ítem Koha
    Dewey Decimal Classification Excluido de préstamo   Infantojuvenil Patrimonio Dominicano Biblioteca Nacional Pedro Henríquez Ureña Biblioteca Nacional Pedro Henríquez Ureña En catalogación 16.12.2021 Colegio Nuestra Señora de Lourdes   H116 2023-7786 13.11.2023 13.11.2023 Libro

Con tecnología Koha